000 01051cam a22002531i 4500
003 SA_RiAUC
005 20250808142139.0
008 250807s2009____su o g 000 e ara c
040 _aSA-RiDKA
_bara
_cSA-RiAUC
_erda
082 0 4 _a814.9531
_qSA-RiAUC
090 _a814.9531
_bج ف ر
100 1 _aجفري، عبد الله عبد الرحمن،
_d1358-1429 هجري
_eمؤلف.
245 1 0 _aمشواري على البلاط /
_cعبد الله عبد الرحمن الجفري.
250 _aالطبعة الأولى.
264 1 _aجدة، السعودية :
_bعبد المقصود محمد سعيد خوجة،
_c2009
300 _a368 صفحة :
_bصور ؛
_c24 سم.
336 _aنص
_btxt
_2rdacontent
_3كتاب
337 _aبدون وسيط
_bn
_2rdamedia
338 _aمجلد
_bnc
_2rdacarrier
490 0 _aكتاب الأثنينية ؛
_v44
650 7 _aالأدب العربي
_zالسعودية
_yقرن 14 هجري
_vمقالات ومحاضرات
_2aucsh
942 _2ddc
_cBOOK
_n0
949 _aSA-JeALM
_d250807
_uosman123
_n1
999 _c10632
_d10632